000 00923nam a2200289Ia 4500
001 Z_4573
003 CHAP
008 220113s[197 xx 000 0 und d
010 _a167648
040 _cCHAP
082 _a636.085 T78m
100 _aTrujillo Figueroa, Vicente
_9115401
245 _aMétodos matemáticos para la formulación de raciones balanceadas en la producción animal /
_cVicente Trujillo Figueroa
260 _aMéxico :
_bCentro Nacional de Productividad de México,
_c[197
300 _axv, 266 p.
503 _aej.1 - ej.3: fotocopias
504 _aBilbiografía: p. 263 - 266
650 _aAlimentos para animales
_x
_x Formulación de raciones
_x
_x Métodos
_9141913
650 _aNutrición animal
_982275
650 _aNutrición animal
_x
_x Modelos matemáticos
_9141914
901 _a636.085 T78M
902 _aM
910 _a[197
942 _c1
942 _cc1
999 _c167648
_d167648